[Event "31st olm final"]
[Site "Moscow"]
[Date "1994.12.13"]
[Round "12.3"]
[White "Hansen, Sune Berg"]
[Black "Hulak, Krunoslav"]
[Result "1-0"]
[WhiteElo "2440"]
[BlackElo "2530"]
[EventDate "1994.12.01"]
[WhiteTeam "Denmark"]
[BlackTeam "Croatia"]
[PlyCount "143"]

1.e4 c5 2.Nf3 e6 3.d4 cxd4 4.Nxd4 a6 5.Nc3 d6 6.Be2 Nf6 7.O-O Be7 8.f4 Qc7
9.Kh1 O-O 10.a4 Nc6 11.Be3 Re8 12.Bf3 Nxd4 13.Qxd4 e5 14.Qd2 Be6 15.Rfd1
Rac8 16.f5 Bc4 17.a5 d5 18.Bb6 Qd7 19.Nxd5 Bxd5 20.exd5 Bd6 21.Be2 Qxf5
22.c4 e4 23.Qe3 Qe5 24.g3 Nd7 25.Bd4 Qe7 26.Rf1 g6 27.Rab1 Bb4 28.Rf4 Bd6
29.Rf2 Ne5 30.Rc1 Nd3 31.Bxd3 exd3 32.Qxd3 Qe4+ 33.Qxe4 Rxe4 34.Rd2 Bb4
35.Rd3 Bxa5 36.Bf6 Bd8 37.Bxd8 Rxd8 38.Rc2 Kg7 39.Kg2 Kf6 40.c5 Ke5 41.Rb3
Rd7 42.d6 Kd5 43.Rb6 Re5 44.b4 Ke6 45.Kf3 h5 46.Rd2 Rf5+ 47.Kg2 Rd5 48.Rc2
Rf5 49.h3 Rd5 50.Kf3 f6 51.Ke4 g5 52.Rc3 f5+ 53.Ke3 Ke5 54.Ke2 Rd4 55.Re3+
Kd5 56.Re8 a5 57.bxa5 Kxc5 58.Re5+ Kc4 59.Rxf5 g4 60.Rxh5 gxh3 61.Rxh3
R7xd6 62.Rxd6 Rxd6 63.Rh5 Kd4 64.Kf3 Rf6+ 65.Kg2 Ke4 66.Kh3 Kf3 67.Kh4 Rf7
68.g4 Kf4 69.Rh6 Ke5 70.Kh5 Kf4 71.Rb6 Rc7 72.Rb5 1-0

[Event "31st olm final"]
[Site "Moscow"]
[Date "1994.12.13"]
[Round "12.4"]
[White "Dizdar, Goran"]
[Black "Schandorff, Lars"]
[Result "1/2-1/2"]
[WhiteElo "2465"]
[BlackElo "2435"]
[EventDate "1994.12.01"]
[WhiteTeam "Croatia"]
[BlackTeam "Denmark"]
[PlyCount "51"]

1.d4 d5 2.c4 c6 3.Nf3 Nf6 4.Nc3 a6 5.Ne5 Nbd7 6.cxd5 Nxe5 7.dxe5 Nxd5 8.e4
Nxc3 9.Qxd8+ Kxd8 10.bxc3 e6 11.a4 Kc7 12.h4 Bd7 13.a5 h6 14.Rh3 Be7 15.
Rf3 Raf8 16.h5 c5 17.Rg3 Rfg8 18.Rb1 Bc6 19.Rg4 g6 20.hxg6 Rxg6 21.Rxg6
fxg6 22.Bd3 h5 23.Ke2 g5 24.f3 h4 25.Bc4 Rh6 26.Be3 1/2-1/2

[Event "31st olm final"]
[Site "Moscow"]
[Date "1994.12.15"]
[Round "13.4"]
[White "Van der Wiel, John"]
[Black "Schandorff, Lars"]
[Result "1/2-1/2"]
[WhiteElo "2555"]
[BlackElo "2435"]
[EventDate "1994.12.01"]
[WhiteTeam "Netherlands"]
[BlackTeam "Denmark"]
[PlyCount "77"]

1.e4 c5 2.Nf3 Nc6 3.d4 cxd4 4.Nxd4 Nf6 5.Nc3 e5 6.Ndb5 d6 7.Bg5 a6 8.Na3
b5 9.Bxf6 gxf6 10.Nd5 Bg7 11.Bd3 Ne7 12.Nxe7 Qxe7 13.c3 f5 14.exf5 e4 15.
Be2 O-O 16.Nc2 Bxf5 17.O-O Be6 18.Nd4 Bd7 19.Qd2 f5 20.f4 Kh8 21.Nc2 Rf6
22.Ne3 Rh6 23.Rf2 Be6 24.Raf1 Qa7 25.Bd1 Rd8 26.Nd5 b4 27.Bb3 bxc3 28.bxc3
Qc5 29.Rd1 Bxd5 30.Qxd5 Qxc3 31.Re2 Rf8 32.Qc4 Qa5 33.g3 Rhf6 34.Kg2 Qb6
35.Rc1 a5 36.Qd5 Rd8 37.Rc6 Qb4 38.Rc7 Rff8 39.Rb7 1/2-1/2